00335 2200157 4500001002100000005001500021035002000036245003200056100001800088250000600106300001200112260001900124082000800143084001400151990001200165INLIS00000000000231520250528090809 a0010-05250006071 aUji IQ Anda /cTim Psikolog0 aTim Psikologf a1 a258 hlm bAbsolut,c2006 a100 a100 TIM u a0712266